Catálogo
 En Linea

Historia de nuestros indios : (Registro nro. 5540)

Detalles MARC
000 -CABECERA
campo de control de longitud fija 00785nam a2200205 a 4500
001 - NÚMERO DE CONTROL
campo de control 000005744
005 - FECHA Y HORA DE LA ÚLTIMA TRANSACCIÓN
campo de control 20200929151751.0
008 - DATOS DE LONGITUD FIJA--INFORMACIÓN GENERAL
campo de control de longitud fija 820604s1965 pr a 001 0 spa
040 ## - FUENTE DE LA CATALOGACIÓN
Centro catalogador/agencia de origen DO-SdBNP
Lengua de catalogación spa
Centro/agencia transcriptor BNPHU
082 ## - NÚMERO DE LA CLASIFICACIÓN DECIMAL DEWEY
Número de clasificación 972.95
Número de documento/Ítem A366h, 1965
100 1# - ENTRADA PRINCIPAL--NOMBRE DE PERSONA
Nombre de persona Alegría, Ricardo E.,
Fechas asociadas al nombre 1921-
9 (RLIN) 16251
245 10 - MENCIÓN DE TÍTULO
Título Historia de nuestros indios :
Resto del título versión elemental /
Mención de responsabilidad, etc. Ricardo E. Alegría ; ilustrador Carmen Pons de Alegría.
250 ## - MENCIÓN DE EDICIÓN
Mención de edición 3a ed. rev.
260 ## - PUBLICACIÓN, DISTRIBUCIÓN, ETC.
Lugar de publicación, distribución, etc. San Juan, Puerto Rico :
Nombre del editor, distribuidor, etc. Departamento de Instrucción Pública,
Fecha de publicación, distribución, etc. 1965.
300 ## - DESCRIPCIÓN FÍSICA
Extensión 52 p. :
Otras características físicas il. ;
Dimensiones 23 cm.
650 #4 - PUNTO DE ACCESO ADICIONAL DE MATERIA--TÉRMINO DE MATERIA
Término de materia o nombre geográfico como elemento de entrada Indios de las indias occidentales
Subdivisión geográfica Puerto Rico
9 (RLIN) 16252
650 #4 - PUNTO DE ACCESO ADICIONAL DE MATERIA--TÉRMINO DE MATERIA
Término de materia o nombre geográfico como elemento de entrada Tainos
Subdivisión geográfica Puerto Rico
9 (RLIN) 16253
651 #4 - PUNTO DE ACCESO ADICIONAL DE MATERIA--NOMBRE GEOGRÁFICO
Nombre geográfico Puerto Rico
Subdivisión general Historia
Subdivisión cronológica SIGLO XVI
9 (RLIN) 16254
700 12 - PUNTO DE ACCESO ADICIONAL--NOMBRE DE PERSONA
Nombre de persona Alegría, Mela Pons de.
Término indicativo de función/relación ils.
9 (RLIN) 16255
Existencias
Estado de retiro Estado de pérdida Restricciones de uso No para préstamo Código de colección Localización permanente Ubicación/localización actual Ubicación en estantería Fecha de adquisición Número de inventario Total de préstamos Signatura topográfica completa Código de barras Fecha visto por última vez Precio válido a partir de Tipo de ítem Koha Número de copia
      Excluido de préstamo Monografías: Libros y Folletos General General Depósito 21.08.2009 LF1   972.95 A366h, 1965 5744-10 25.06.2020 25.06.2020 No se presta  
      Excluido de préstamo Monografías: Libros y Folletos Patrimonio Dominicano Patrimonio Dominicano Depósito 29.03.2017 LF1   972.95 A366h, 1965 5744-20 25.06.2020 25.06.2020 No se presta e. 2

Con tecnología Koha